|
|
|
|
| LEADER |
01956nam a2200349 a 4500 |
| 001 |
15204770 |
| 008 |
110919s2007 enkac b 001 0 eng |
| 010 |
|
|
|a 2008271638
|
| 020 |
|
|
|a 9781844074952 (hbk.)
|
| 020 |
|
|
|a 1844074951
|
| 040 |
|
|
|a UKM
|c UKM
|d BTCTA
|d COD
|d BAKER
|d SISPL
|d YDXCP
|d DLC
|d BD-DhAAL
|
| 042 |
|
|
|a ukblsr
|a lccopycat
|
| 043 |
|
|
|a n-us---
|
| 050 |
0 |
0 |
|a HC110.E5
|b B563 2007b
|
| 082 |
0 |
4 |
|a 333.7
|2 22
|
| 100 |
1 |
|
|a Blackburn, William R.
|
| 245 |
1 |
4 |
|a The sustainability handbook :
|b the complete management guide to achieving social, economic and environmental responsibility /
|c by William R. Blackburn.
|
| 260 |
|
|
|a London :
|b Earthscan,
|c 2007.
|
| 300 |
|
|
|a xviii, 803 p. :
|b ill., port. ;
|c 24 cm.
|
| 504 |
|
|
|a Includes bibliographical references and index.
|
| 541 |
|
|
|e 00023426
|
| 650 |
|
0 |
|a Environmental economics
|z United States.
|
| 650 |
|
0 |
|a Organizational change
|z United States.
|
| 650 |
|
0 |
|a Sustainable development
|x Law and legislation
|z United States.
|
| 650 |
|
0 |
|a Sustainable development
|x Government policy
|z United States.
|
| 650 |
|
0 |
|a Social responsibility of business
|z United States.
|
| 852 |
1 |
|
|a Ayesha Abed Library
|c General shelf.
|
| 999 |
|
|
|c 11235
|d 11235
|
| 952 |
|
|
|0 0
|1 0
|2 ddc
|4 0
|6 333_700000000000000_BLA
|7 0
|9 18109
|a BRACUL
|b BRACUL
|c GEN
|d 2011-09-18
|e karim International
|g 6200.00
|l 1
|m 8
|o 333.7 BLA
|p 3010023426
|q 2026-08-06
|r 2025-11-25
|s 2025-11-25
|t 1
|w 2011-09-19
|y BK
|
| 952 |
|
|
|0 0
|1 0
|2 ddc
|4 0
|6 333_700000000000000_BLA
|7 0
|9 18110
|a BRACUL
|b BRACUL
|c GEN
|d 2011-09-18
|e karim International
|g 6200.00
|l 4
|m 16
|o 333.7 BLA
|p 3010023427
|r 2025-02-14
|s 2023-09-29
|t 2
|w 2011-09-19
|y BK
|
| 952 |
|
|
|0 0
|1 0
|2 ddc
|4 0
|6 333_700000000000000_BLA
|7 0
|9 22681
|a IGS
|b IGS
|c GEN
|d 2013-06-13
|e Karim International
|g 5200.00
|l 0
|o 333.7 BLA
|p 3010027143
|r 2013-06-13
|t 3
|w 2013-06-13
|y BK
|
| 952 |
|
|
|0 0
|1 0
|2 ddc
|4 0
|6 333_700000000000000_BLA
|7 0
|9 22682
|a IGS
|b IGS
|c GEN
|d 2013-06-13
|e Karim International
|g 5200.00
|l 0
|o 333.7 BLA
|p 3010027144
|r 2013-06-13
|t 4
|w 2013-06-13
|y BK
|